| 000 | 00408nam a2200157Ia 4500 | ||
|---|---|---|---|
| 008 | 260407s2026 xx 000 0 und d | ||
| 041 | _aeng | ||
| 082 |
_a344.740/KUC _b11464 |
||
| 100 | _aDR.B.S.KUCHEKAR | ||
| 245 | _aPHARMACEUTICAL JUPRISPEDIENCE | ||
| 250 | _a5TH | ||
| 260 |
_aPUNE _bNIRALI PRAKASHAN _c2026 |
||
| 300 | _a12.6p | ||
| 650 | _aPHARMACEUTICAL JUPRISPEDIENCE | ||
| 650 | _aPHARMACEUTICS | ||
| 999 |
_c1218956 _d1218956 |
||